Taylor Swift- Style (All Lyrics) - Statistics

General Stats
  • This quiz has been taken 714 times
  • The average score is 330 of 388
Answer Stats
Lyrics % Correct
I
100%
"I
100%
I"
100%
A
99%
a
99%
(A
99%
You
99%
you
99%
you)
99%
and
98%
And
98%
(And
98%
go
97%
go,
97%
go)
97%
of
96%
out
96%
(Out
96%
style,
96%
style
96%
style)
96%
we
96%
(We
96%
We
96%
got
95%
mmm
95%
mmm,
95%
never
95%
that
95%
That
95%
in
94%
come
93%
He
93%
me
93%
time
92%
back
91%
back,
91%
like
90%
long
90%
eye
89%
look
89%
no
89%
your
89%
every
88%
lip
88%
red
88%
thing
88%
white
87%
'Cause
86%
hair,
86%
the
86%
The
86%
classic
85%
daydream
85%
down,
85%
down
85%
t-shirt
85%
up,
85%
when
85%
girl
84%
girl"
84%
skirt
84%
skirt)
84%
been
83%
Dean
83%
it
83%
James
83%
crashing
82%
little
82%
oh
82%
Oh,
82%
Oh-oh,
82%
pick
82%
But
81%
heard
81%
(Heard
81%
heard,
81%
Midnight
81%
good
80%
So
80%
headlights
78%
to
78%
drive
77%
Take
76%
take
76%
tight
76%
can't
75%
"What
75%
on
74%
eyes
71%
It's
71%
you've
71%
from
70%
have
70%
home
70%
just
69%
Just
69%
slicked
69%
with
69%
said,
68%
some
68%
Some
68%
"I've
67%
other
67%
paradise
67%
about
66%
his
66%
road,
66%
while
66%
is
65%
since
65%
keep
64%
know
64%
even
63%
say,
63%
stop
63%
there
63%
true
63%
thinking
62%
where
62%
few
61%
goes
61%
'round
61%
each
60%
end
60%
times"
60%
burning
59%
off,
59%
off
59%
too
59%
leave
58%
wild
58%
yeah
58%
Yeah,
58%
faith
57%
'bout
56%
flames
56%
or
56%
exactly
55%
Could
54%
should
54%
Takes
54%
into
53%
view,
53%
he's
52%
leads
52%
says,
52%
tell
52%
Fade
51%
are
50%
us
50%
taking
49%
watch
49%
coat,
47%
lights
47%
(Ah)
29%
whoa-oh,
8%
No matching quizzes found
Score Distribution
Percent of People with Each Score
Percentile by Number Answered
Your Score History
You have not taken this quiz